000 00758nam a22002055i 4500
001 152521
003 ES-MaACL
005 20250822062554.0
008 020830s1872 fr |||| | fre d
040 _aCCPB | B
_bspa
_cCCPB | B
100 1 _aBouillier, Francisque (
_d1813-1899)
_930883
245 1 0 _aDe la conscience en psychologie et en morale /
_cpar Francisque Bouillier.
260 _aParis :
_bLibrairie Germer Baillière,
_c1872 (
_eCoulommiers :
_fTyp. A. Moussin)
300 _aVII, 206 p. ;
_c18 cm.
490 1 _aBibliothéque de philosophie contemporaine
650 7 _aPsicología
_2embne
_916540
830 0 _aBibliothéque de philosophie contemporaine
_9181027
852 _aES-MaACL
_jF-12179
_z-- Enc. cartón
999 _c152521
_d152521